000 00496caa a22001932a 4500
001 000340
003 AR-FADEU
008 311216n############xxu####################dd
092 _aPP(340)REV
100 _aBadeni, Gregorio
245 _bLibertad de prensa y libertad de imprenta
245 _aRevista del colegio de abogados de Buenos Aires
300 _a13-24
440 _v50
440 _n2
260 _c1990
650 _aLIBERTAD DE PRENSA; LIBERTAD DE IMPRENTA
942 _cPPGR
999 _c3118
_d3118